[Event "Gornozavodsk Europe-Asia op"]
[Site "Gornozavodsk"]
[Date "2009.11.11"]
[Round "?"]
[White "Maljkevich, Fedor"]
[Black "Koryakin, Nikolay"]
[Result "1-0"]
[WhiteElo "1965"]
[BlackElo "1935"]
[PlyCount "111"]
[EventDate "2009.11.07"]
[EventType "swiss"]
[EventRounds "11"]
[EventCountry "RUS"]
[SourceTitle "EXT 2012"]
[Source "ChessBase"]
[SourceDate "2011.11.24"]
[SourceVersion "1"]
[SourceVersionDate "2011.11.24"]
[SourceQuality "1"]

1. c4 c5 2. Nc3 Nc6 3. g3 Nf6 4. Bg2 e6 5. Nf3 d5 6. d3 d4 7. Na4 Bd7 8. a3 Be7 9. 0-0 0-0 10. Bg5 Ne8 11. Bxe7 Qxe7 12. Rb1 e5 13. e3 f5 14. exd4 exd4 15. Re1 Qd6 16. Ng5 Nf6 17. b4 cxb4 18. c5 Qc7 19. axb4 h6 20. Qb3+ Kh8 21. Nf7+ Kh7 22. Nd6 a6 23. Nb6 Rab8 24. Bh3 Ne8 25. Nbc4 Rf6 26. Nxe8 Rxe8 27. Rxe8 Bxe8 28. Nd6 Bf7 29. Qb2 Bg6 30. f4 Qe7 31. Kf1 Qe3 32. Qe2 Re6 33. Qxe3 Rxe3 34. Rb3 Ne7 35. Bg2 Bh5 36. Bxb7 Be2+ 37. Ke1 Kg6 38. Kd2 Bg4 39. Bxa6 Nd5 40. Nb5 Re2+ 41. Kc1 Re1+ 42. Kb2 Bd1 43. Nxd4 Bxb3 44. Kxb3 Rb1+ 45. Kc4 Nxb4 46. Bc8 Kf6 47. Bxf5 Nc2 48. Nxc2 Kxf5 49. Kd5 Kf6 50. d4 Ke7 51. Ne3 g6 52. Ng4 Rh1 53. c6 h5 54. Ne5 Rxh2 55. Nxg6+ Kd8 56. Kd6 1-0

[Event "Gornozavodsk Europe-Asia op"]
[Site "Gornozavodsk"]
[Date "2009.11.11"]
[Round "?"]
[White "Shein, Vyacheslav"]
[Black "Maljkevich, Fedor"]
[Result "1-0"]
[WhiteElo "1984"]
[BlackElo "1965"]
[PlyCount "79"]
[EventDate "2009.11.07"]
[EventType "swiss"]
[EventRounds "11"]
[EventCountry "RUS"]
[SourceTitle "EXT 2012"]
[Source "ChessBase"]
[SourceDate "2011.11.24"]
[SourceVersion "1"]
[SourceVersionDate "2011.11.24"]
[SourceQuality "1"]

1. d4 Nf6 2. Nf3 d5 3. Bg5 Bf5 4. e3 e6 5. Bd3 Bxd3 6. cxd3 Be7 7. 0-0 0-0 8. Qb3 b6 9. Nbd2 Nbd7 10. Rac1 c5 11. Ne5 Nxe5 12. dxe5 Nd7 13. Bxe7 Qxe7 14. f4 f6 15. d4 fxe5 16. dxe5 c4 17. Qd1 Nc5 18. Rf3 Nd3 19. Rb1 Qc5 20. Qc2 Nxf4 21. b4 cxb3 22. Qxc5 bxc5 23. Rxf4 bxa2 24. Ra1 Rxf4 25. exf4 Rf8 26. g3 g5 27. fxg5 Rf5 28. Rxa2 Rxe5 29. Nf3 Rf5 30. Kg2 Rf7 31. Ra6 Re7 32. Ne5 c4 33. Rc6 a5 34. Kf3 a4 35. Ra6 Rb7 36. Rxa4 Rb3+ 37. Kf4 Rb1 38. Ra8+ Kg7 39. Ra7+ Kg8 40. Rc7 1-0

[Event "Gornozavodsk Europe-Asia op"]
[Site "Gornozavodsk"]
[Date "2009.11.09"]
[Round "?"]
[White "Poletaev, Vitaly"]
[Black "Maljkevich, Fedor"]
[Result "1-0"]
[WhiteElo "2067"]
[BlackElo "1965"]
[PlyCount "101"]
[EventDate "2009.11.07"]
[EventType "swiss"]
[EventRounds "11"]
[EventCountry "RUS"]
[SourceTitle "EXT 2012"]
[Source "ChessBase"]
[SourceDate "2011.11.24"]
[SourceVersion "1"]
[SourceVersionDate "2011.11.24"]
[SourceQuality "1"]

1. e4 e6 2. d4 d5 3. Bd3 Nf6 4. Bg5 Be7 5. Bxf6 Bxf6 6. Ne2 c5 7. e5 Be7 8. c3 Qb6 9. Qb3 c4 10. Qxb6 axb6 11. Bc2 Nc6 12. f4 f5 13. exf6 gxf6 14. g4 e5 15. h3 e4 16. Ng3 f5 17. Bd1 Bh4 18. Kf2 0-0 19. Kg2 Bxg3 20. Kxg3 b5 21. b4 Bd7 22. a3 Ne7 23. Nd2 Ra6 24. Ra2 fxg4 25. hxg4 Rg6 26. Nf1 Rgf6 27. Ne3 Rxf4 28. Nf5 Ng6 29. Nh6+ Kh8 30. Rh5 Be6 31. Rah2 Rf3+ 32. Bxf3 Rxf3+ 33. Kg2 Nf4+ 34. Kg1 Nxh5 35. Rxh5 Rxc3 36. Re5 Bxg4 37. Nxg4 Rg3+ 38. Kf2 Rxg4 39. Rxd5 Rf4+ 40. Ke3 Rf3+ 41. Kxe4 Rxa3 42. Rxb5 Ra1 43. Rxb7 Re1+ 44. Kd5 c3 45. Rc7 Rc1 46. Rc4 Kg7 47. b5 h5 48. Kc6 Kf6 49. b6 Ke6 50. d5+ Ke7 51. d6+ 1-0